000 00728nam a22002297a 4500
003 OSt
005 20260421084939.0
008 260421b |||||||| |||| 00| 0 eng d
020 _a978-971-821-925-6
040 _aDWCL Main Lib.
_cOC
082 _a160 R456s 2020
100 _aReyes, Mervin Q.
245 _aSimplified logic for the 21st century learners
_cMervin Q. Reyes
260 _aMalabon City, Philippines :
_bMutya Publishing house inc.,
_cc2020.
300 _avii, 119 pages :
_billustrations ;
_c26cm.
504 _aIncludes bibliographical references
650 _a1. Fallacies
650 _a2. Logic
650 _a3. Philosophy
700 _aCrave, Jose Fermin B.
942 _2ddc
_cBK - FIL
_hFil.
_n0
999 _c9615
_d9615